Every NCAA Division I School in Colorado - Statistics

General Stats
  • This quiz has been taken 32 times
  • The average score is 4 of 5
Answer Stats
Answer Conference % Correct
Colorado Big 12
100%
Colorado State Mountain West
96%
Air Force Mountain West
88%
Denver Summit League
76%
Northern Colorado Big Sky
52%
No matching quizzes found
Score Distribution
Percent of People with Each Score
Percentile by Number Answered
Your Score History
You have not taken this quiz